| 000 | 00624nam a2200181Ia 4500 | ||
|---|---|---|---|
| 005 | 20250923145128.0 | ||
| 008 | 008 250917s9999 xx 000 0 eng d | ||
| 037 | _aTextual | ||
| 040 |
_aDSWL _beng _cDSWL |
||
| 041 |
_aeng _2eng |
||
| 084 |
_aX413:99D.23684'N67t4, N68 _qDSWL |
||
| 100 |
_aThakur, T.R. _9832047 |
||
| 245 | 0 |
_aWorking and living conditions of the drivers and conductors of Himachal Govt. Transport _cby T.R. Thakur |
|
| 260 |
_aDelhi _bSchool of Social Work _c1968 |
||
| 300 | _a55,6 p. | ||
| 942 |
_cTEXL _hX413:99D.23684'N67t4, N68 |
||
| 999 |
_c1447490 _d1447490 |
||